00745nam a2200241 a 4500001001300000003000900013005001700022008004100039020002300080082001900103100002300122245004200145260004500187300000900232500003500241505002400276650001600300700002300316902000800339942000700347952013200354999001700486nice12345678IN_TiNIC20260116013925.0050524s1997 dela grp 000 0 eng  a0706995 c12500a305.40954bCHA aChatterji, Shoma A aIndian Women`s Search for an Identity aDelhi bVikas Pub House Pvt. Ltd. c1997 a284p aincludes index and biblioraphy2 aBibliography, Index aWomen-India1 aChatterji, Shoma A bSRS cBK 001040708StackRoom-aHMIbHMId2012-01-05g125.00l4o305.40954 CHAp017415r2022-11-07s2022-10-28v125.00w2005-05-24yBK c13123d13123